000 00305nam a2200157Ia 4500
100 _aChild/Lee
650 _aFiction
942 _cBK
366 _f20
245 _aBad luck and trouble
260 _bBantam Books
_c2007
082 _a808.3
_bCHI
300 _a527
546 _aENGLISH
999 _c30662
_d30662